[Event "M.Chigorin Memorial 2014"]
[Site "St. Petersburg"]
[Date "2014.10.25"]
[Round "8.97"]
[White "Zhuk, Valeriy"]
[Black "Severina, Maria"]
[Result "0-1"]
[WhiteElo "2076"]
[BlackElo "2229"]
[PlyCount "88"]
[EventDate "2014.10.18"]
[EventType "swiss"]
[EventCountry "RUS"]

1. e4 e5 2. Nf3 Nc6 3. d4 exd4 4. Nxd4 Nf6 5. Nxc6 bxc6 6. e5 Qe7 7. Qe2 Nd5 8.
c4 Nb6 9. Nc3 Qe6 10. Qe4 g6 11. Bd3 Bg7 12. f4 O-O 13. O-O d6 14. c5 d5 15.
Qf3 Nd7 16. Be3 Rb8 17. Rae1 Qe7 18. Qf2 f6 19. exf6 Nxf6 20. Bd4 Qf7 21. h3
Nh5 22. Ne2 Bxd4 23. Qxd4 Qg7 24. Qxg7+ Nxg7 25. Rb1 Bd7 26. b4 Rbe8 27. Nd4
Nh5 28. f5 Ng3 29. fxg6 Nxf1 30. gxh7+ Kh8 31. Rxf1 Rxf1+ 32. Kxf1 Re3 33. Bb1
Ra3 34. Kf2 Ra4 35. Ke3 Rxb4 36. Bd3 Rb2 37. Ne2 Rxa2 38. g4 Be8 39. h4 a5 40.
g5 a4 41. g6 Rxe2+ 42. Kxe2 a3 43. Bb1 Bxg6 44. Ba2 d4 0-1

[Event "M.Chigorin Memorial 2014"]
[Site "St. Petersburg"]
[Date "2014.10.25"]
[Round "8.98"]
[White "Selivanov, Ivan"]
[Black "Davydov, Sergey P"]
[Result "1/2-1/2"]
[WhiteElo "2000"]
[BlackElo "2228"]
[PlyCount "101"]
[EventDate "2014.10.18"]
[EventType "swiss"]
[EventCountry "RUS"]

1. e4 c5 2. Nf3 d6 3. d4 cxd4 4. Nxd4 Nf6 5. Nc3 a6 6. Bg5 e6 7. Qe2 Be7 8.
O-O-O Nxe4 9. Qxe4 Bxg5+ 10. f4 Be7 11. f5 e5 12. Nf3 Nd7 13. Bc4 Nf6 14. Qd3
O-O 15. Ne4 b5 16. Nxf6+ Bxf6 17. Bd5 Ra7 18. Qe4 Qc7 19. g4 Bb7 20. g5 Bxd5
21. Rxd5 Be7 22. Rg1 Rc8 23. f6 Bf8 24. fxg7 Bxg7 25. Nd2 Qe7 26. Rg3 Rac7 27.
c3 Qe6 28. Qd3 b4 29. Rxd6 Qxa2 30. Rd8+ Bf8 31. Rxc8 Rxc8 32. Rh3 h6 33. c4 e4
34. Qxe4 Bg7 35. Rb3 hxg5 36. Rxb4 Qa5 37. Qb7 Qf5 38. Rb3 Re8 39. Kd1 Be5 40.
Qd5 Qg4+ 41. Kc2 Bf4 42. Rb7 Re6 43. c5 Bxd2 44. Kxd2 Qe2+ 45. Kc1 Qg4 46. Kb1
Re1+ 47. Kc2 Qf4 48. c6 Re2+ 49. Kb1 Re1+ 50. Kc2 Re2+ 51. Kb1 1/2-1/2

[Event "M.Chigorin Memorial 2014"]
[Site "St. Petersburg"]
[Date "2014.10.25"]
[Round "8.99"]
[White "Lantini, Marco"]
[Black "Kiselev, Pavel"]
[Result "0-1"]
[WhiteElo "2035"]
[BlackElo "2216"]
[PlyCount "56"]
[EventDate "2014.10.18"]
[EventType "swiss"]
[EventCountry "RUS"]

1. d4 Nf6 2. c4 c5 3. d5 b5 4. cxb5 a6 5. bxa6 g6 6. Nc3 Bxa6 7. g3 Bg7 8. Bg2
d6 9. Nf3 Nbd7 10. Rb1 O-O 11. O-O Qa5 12. Qc2 Nb6 13. Nd2 Bb7 14. Rd1 Nfd7 15.
Nb3 Qb4 16. a3 Qg4 17. f3 Qh5 18. f4 Nf6 19. e4 Rfb8 20. h4 Qg4 21. Kh2 Nh5 22.
Ne2 Ba6 23. Re1 Bxe2 24. Rxe2 Qxg3+ 25. Kg1 Nxd5 26. exd5 Rxb3 27. Bd2 Bd4+ 28.
Kf1 Rf3+ 0-1

[Event "M.Chigorin Memorial 2014"]
[Site "St. Petersburg"]
[Date "2014.10.25"]
[Round "8.100"]
[White "Sindarov, Javokhir"]
[Black "Minasyan, Arnold"]
[Result "1/2-1/2"]
[WhiteElo "1994"]
[BlackElo "2204"]
[PlyCount "100"]
[EventDate "2014.10.18"]
[EventType "swiss"]
[EventCountry "RUS"]

1. e4 c5 2. Nf3 e6 3. d4 cxd4 4. Nxd4 Nc6 5. Nc3 Qc7 6. Be3 a6 7. Be2 Nf6 8.
O-O Bb4 9. a3 Bxc3 10. bxc3 Nxe4 11. Bd3 Nf6 12. Bg5 Ne5 13. f4 Qxc3 14. fxe5
Qxd4+ 15. Kh1 Qxe5 16. Bxf6 gxf6 17. Qg4 Qg5 18. Qd4 Rg8 19. g3 b5 20. Be4 d5
21. Bg2 f5 22. Bxd5 exd5 23. Qxd5 Ra7 24. Rae1+ Re7 25. Qc6+ Kf8 26. Qxc8+ Kg7
27. Qc3+ Qf6 28. Qxf6+ Kxf6 29. Rxf5+ Kxf5 30. Rxe7 Rc8 31. Rxf7+ Kg6 32. Rb7
Rc6 33. a4 bxa4 34. Rb4 Rxc2 35. Rxa4 Rc6 36. Ra5 Kf7 37. Kg2 Ke7 38. Kf3 Kd7
39. Ke4 Kc7 40. Ra2 Kb6 41. Rb2+ Kc5 42. Rc2+ Kb5 43. Rxc6 Kxc6 44. g4 a5 45.
h4 a4 46. Kd3 Kd5 47. g5 Ke5 48. h5 Kf5 49. g6 hxg6 50. hxg6 Kf6 1/2-1/2

[Event "M.Chigorin Memorial 2014"]
[Site "St. Petersburg"]
[Date "2014.10.25"]
[Round "8.101"]
[White "Abdusattorova, Bakhora"]
[Black "Snetkov, Ivan"]
[Result "1-0"]
[WhiteElo "2202"]
[BlackElo "2011"]
[PlyCount "55"]
[EventDate "2014.10.18"]
[EventType "swiss"]
[EventCountry "RUS"]

1. d4 d5 2. c4 e6 3. Nc3 c6 4. Qb3 Nf6 5. Bg5 h6 6. Bh4 Be7 7. Nf3 Qb6 8. c5
Qa5 9. e3 Nbd7 10. Bd3 b6 11. cxb6 axb6 12. O-O Ba6 13. Bxa6 Qxa6 14. Ne5 Nxe5
15. dxe5 Nd7 16. Bxe7 Kxe7 17. Qb4+ c5 18. Qh4+ g5 19. Qg3 b5 20. a4 b4 21. Nb5
Rag8 22. f4 Qb6 23. fxg5 hxg5 24. Rf2 Rh7 25. Raf1 Qb8 26. Nd6 Nxe5 27. Qxe5
Qxd6 28. Rxf7+ 1-0

[Event "M.Chigorin Memorial 2014"]
[Site "St. Petersburg"]
[Date "2014.10.25"]
[Round "8.102"]
[White "Mikhailov, Ivan"]
[Black "Gogin, Maksim"]
[Result "0-1"]
[WhiteElo "1959"]
[BlackElo "2201"]
[PlyCount "78"]
[EventDate "2014.10.18"]
[EventType "swiss"]
[EventCountry "RUS"]

1. d4 Nf6 2. c4 c5 3. d5 b5 4. Nd2 bxc4 5. e4 d6 6. Bxc4 g6 7. b3 Bg7 8. Bb2
O-O 9. Ngf3 Bg4 10. O-O Bxf3 11. Qxf3 Nxe4 12. Bxg7 Nxd2 13. Qc3 Nxf1 14. Bxf8
Qxf8 15. Rxf1 Nd7 16. Re1 Ne5 17. h3 g5 18. Qe3 Qg7 19. Bd3 Rb8 20. Bc2 Rb4 21.
Rd1 Qf6 22. a3 Rf4 23. Be4 Rh4 24. f3 h5 25. Rf1 Qg7 26. Qf2 Rf4 27. g3 Rf6 28.
b4 g4 29. hxg4 Nxf3+ 30. Bxf3 hxg4 31. Qe2 gxf3 32. Rxf3 Rxf3 33. Qxf3 Qd4+ 34.
Kg2 c4 35. Qf5 c3 36. Qg5+ Kf8 37. Qh6+ Ke8 38. Qh7 Qxd5+ 39. Kh3 Qh1+ 0-1

[Event "M.Chigorin Memorial 2014"]
[Site "St. Petersburg"]
[Date "2014.10.25"]
[Round "8.103"]
[White "Vorobjev, Dmitry"]
[Black "Egorov, Daniil"]
[Result "1-0"]
[WhiteElo "2199"]
[BlackElo "1974"]
[PlyCount "83"]
[EventDate "2014.10.18"]
[EventType "swiss"]
[EventCountry "RUS"]

1. Nf3 Nf6 2. g3 g6 3. Bg2 Bg7 4. O-O O-O 5. d3 d6 6. c4 c6 7. Nc3 e5 8. Rb1 a5
9. a3 Nbd7 10. e4 Re8 11. Ne1 Nh5 12. b4 axb4 13. axb4 Nf8 14. Nc2 Ne6 15. Bd2
Nd4 16. Nxd4 exd4 17. Ne2 f5 18. Nf4 Nf6 19. exf5 Bxf5 20. Qb3 Qd7 21. h4 h6
22. Rfe1 Rxe1+ 23. Rxe1 Re8 24. Rxe8+ Qxe8 25. Bf3 g5 26. hxg5 hxg5 27. Ng2 Bg4
28. Qd1 Qh5 29. Ne1 Kh8 30. Qe2 Kg8 31. Bc1 Kh8 32. Bd2 b6 33. Bc1 c5 34. b5
Kg8 35. Bxg4 Nxg4 36. Qe6+ Kh8 37. Nf3 Nf6 38. Nxg5 Qd1+ 39. Kg2 Qxc1 40. Qc8+
Ng8 41. Nf7+ Kh7 42. Qf5# 1-0

[Event "M.Chigorin Memorial 2014"]
[Site "St. Petersburg"]
[Date "2014.10.25"]
[Round "8.104"]
[White "Hefner, Felix"]
[Black "Sukhareva, Evgeniya"]
[Result "1/2-1/2"]
[WhiteElo "1938"]
[BlackElo "2196"]
[PlyCount "118"]
[EventDate "2014.10.18"]
[EventType "swiss"]
[EventCountry "RUS"]

1. d4 d5 2. c4 e6 3. Nf3 Nf6 4. e3 a6 5. Nc3 dxc4 6. Bxc4 b5 7. Bd3 Bb7 8. O-O
c5 9. Re1 Nbd7 10. e4 cxd4 11. Nxd4 Qc7 12. Nd5 Nxd5 13. Nxe6 fxe6 14. exd5
Bxd5 15. Qh5+ Kd8 16. Bg5+ Nf6 17. Be4 Bxe4 18. Rxe4 Be7 19. Rd4+ Kc8 20. Qf7
Bc5 21. Qxe6+ Kb7 22. Bxf6 Bxd4 23. Bxd4 Rad8 24. Qe4+ Qc6 25. Qxc6+ Kxc6 26.
Bxg7 Rhe8 27. Rc1+ Kb7 28. Bc3 Rc8 29. Rd1 Rcd8 30. Rxd8 Rxd8 31. g4 Kc6 32. h4
Kd5 33. f3 Kc4 34. a3 Kd3 35. Kf2 Re8 36. g5 Kc4 37. h5 Rg8 38. f4 Kd5 39. Kf3
Ke6 40. Kg4 Rf8 41. Be5 Rd8 42. g6 hxg6 43. h6 Rd7 44. Kg5 Rd1 45. h7 Rg1+ 46.
Kh6 Rh1+ 47. Kg7 g5 48. h8=Q Rxh8 49. Kxh8 g4 50. Bb8 Kf5 51. Kg7 g3 52. Kf7 g2
53. Ba7 Kxf4 54. Ke6 Ke4 55. Kd6 Kd3 56. Kc6 Kc2 57. Bd4 Kb3 58. Kc5 g1=Q 59.
Bxg1 Kxb2 1/2-1/2

[Event "M.Chigorin Memorial 2014"]
[Site "St. Petersburg"]
[Date "2014.10.25"]
[Round "8.105"]
[White "Potapova, Margarita"]
[Black "Zhikharev, Valeriy"]
[Result "0-1"]
[WhiteElo "1917"]
[BlackElo "2188"]
[PlyCount "90"]
[EventDate "2014.10.18"]
[EventType "swiss"]
[EventCountry "RUS"]

1. d4 Nf6 2. Bg5 g6 3. Bxf6 exf6 4. e3 Bg7 5. h4 h5 6. Ne2 b6 7. Nf4 Bb7 8. c4
f5 9. Nc3 c5 10. dxc5 bxc5 11. Be2 O-O 12. Bf3 Bxf3 13. Qxf3 Nc6 14. Nfd5 Rb8
15. Qe2 Nb4 16. Nxb4 Rxb4 17. Rc1 f4 18. b3 fxe3 19. fxe3 Bxc3+ 20. Rxc3 Rb6
21. e4 Rd6 22. Rhh3 Re8 23. Kf1 Qf6+ 24. Rcf3 Qa1+ 25. Kf2 Qd4+ 26. Qe3 Rxe4
27. Qxd4 Rdxd4 28. Rf6 Rd2+ 29. Kf1 Re6 30. Rf4 Rxa2 31. Rd3 d6 32. g3 f6 33.
g4 hxg4 34. Rxg4 f5 35. Rf4 Rh2 36. Rg3 Kf7 37. Kg1 Rb2 38. Kf1 Re4 39. Rff3
Rxh4 40. Kg1 Rd4 41. Rf1 Kf6 42. Re3 Rdd2 43. Ra1 Rg2+ 44. Kf1 Rbf2+ 45. Ke1
Ra2 0-1

[Event "M.Chigorin Memorial 2014"]
[Site "St. Petersburg"]
[Date "2014.10.25"]
[Round "8.106"]
[White "Klyuev, Alexander S"]
[Black "Filyanin, Daniil"]
[Result "1-0"]
[WhiteElo "2181"]
[BlackElo "1947"]
[PlyCount "45"]
[EventDate "2014.10.18"]
[EventType "swiss"]
[EventCountry "RUS"]

1. c4 Nf6 2. Nf3 e6 3. g3 d5 4. d4 c6 5. Bg2 Bd6 6. O-O Nbd7 7. Nc3 O-O 8. Nd2
Rb8 9. e4 dxe4 10. Ndxe4 Bc7 11. a4 e5 12. d5 cxd5 13. cxd5 Ba5 14. Be3 Bxc3
15. Nxc3 b6 16. Nb5 a6 17. Na7 Bb7 18. Nc6 Qe8 19. d6 e4 20. Ne7+ Kh8 21. Rc1
Nc5 22. Nc8 Qxc8 23. b4 1-0

[Event "M.Chigorin Memorial 2014"]
[Site "St. Petersburg"]
[Date "2014.10.25"]
[Round "8.107"]
[White "Nasibullin, Iskander"]
[Black "Kobzar, Alexandr"]
[Result "0-1"]
[WhiteElo "1907"]
[BlackElo "2176"]
[PlyCount "84"]
[EventDate "2014.10.18"]
[EventType "swiss"]
[EventCountry "RUS"]

1. e4 c5 2. c3 d6 3. d4 Nf6 4. dxc5 Nc6 5. Bd3 d5 6. exd5 Qxd5 7. Nf3 e5 8. O-O
Bg4 9. Be2 Qxd1 10. Rxd1 e4 11. Nd4 Nxd4 12. Bxg4 Nc2 13. Be2 Bxc5 14. b4 Bb6
15. Na3 Nxa1 16. Bg5 O-O 17. Bxf6 gxf6 18. Rxa1 Bc7 19. Rc1 Bf4 20. Rc2 Rfe8
21. g3 Bh6 22. Nb1 f5 23. c4 f4 24. gxf4 Bxf4 25. Nc3 e3 26. Nd5 exf2+ 27. Kg2
Be5 28. h3 Bd4 29. Rd2 Bc3 30. Rd3 Be1 31. Rf3 Kh8 32. Bd3 Rg8+ 33. Kh2 Rg7 34.
Ne3 Rd8 35. Nd5 Rdg8 36. Ne3 Bxb4 37. Ng4 Bc5 38. Rf6 Rd8 39. Bf1 Rd1 40. Kg2
Rg5 41. Be2 Rg1+ 42. Kh2 Bd4 0-1

[Event "M.Chigorin Memorial 2014"]
[Site "St. Petersburg"]
[Date "2014.10.25"]
[Round "8.108"]
[White "Karasev, Vladimir I"]
[Black "Belova, Olga"]
[Result "0-1"]
[WhiteElo "2377"]
[BlackElo "2080"]
[PlyCount "66"]
[EventDate "2014.10.18"]
[EventType "swiss"]
[EventCountry "RUS"]

1. Nf3 Nf6 2. g3 d5 3. Bg2 c6 4. O-O Bg4 5. h3 Bh5 6. d3 Nbd7 7. Qe1 e5 8. e4
dxe4 9. dxe4 Bc5 10. Nh4 Qb6 11. Nd2 Qa6 12. Nb3 Be2 13. Nxc5 Nxc5 14. Qc3 Ne6
15. Nf5 Bxf1 16. Nxg7+ Nxg7 17. Qxe5+ Ne6 18. Bxf1 Qa4 19. Qxf6 Qd4 20. Qf3
O-O-O 21. Qxf7 Qxe4 22. Be3 Rhf8 23. Bd3 Qxe3 24. Qxf8 Qxd3 25. Qe7 Qf5 26. Qa3
Kb8 27. g4 Qxc2 28. Qg3+ Ka8 29. Re1 Nd4 30. Qd6 Nf3+ 31. Kh1 Rb8 32. Rf1 Qe4
33. Kg2 Ne1+ 0-1

[Event "M.Chigorin Memorial 2014"]
[Site "St. Petersburg"]
[Date "2014.10.25"]
[Round "8.109"]
[White "Mezentsev, Ivan"]
[Black "Strugnell, Carl"]
[Result "1-0"]
[WhiteElo "2080"]
[BlackElo "2297"]
[PlyCount "77"]
[EventDate "2014.10.18"]
[EventType "swiss"]
[EventCountry "RUS"]

1. d4 Nf6 2. c4 e6 3. Nc3 Bb4 4. Nf3 b6 5. Bg5 Bb7 6. e3 h6 7. Bxf6 Qxf6 8. Be2
Bxc3+ 9. bxc3 d6 10. O-O e5 11. Qa4+ Bc6 12. Qb3 Nd7 13. Rfd1 O-O 14. Qc2 Rfe8
15. Nd2 Qe7 16. d5 Bb7 17. e4 a5 18. Nf1 Nc5 19. Ne3 g6 20. Rf1 Qg5 21. g3 h5
22. Rae1 h4 23. Bf3 Bc8 24. Bg2 hxg3 25. fxg3 Rf8 26. Rf3 Bd7 27. Ref1 Bg4 28.
h4 Qh5 29. Rf6 Be2 30. Bf3 Bxf3 31. R6xf3 a4 32. Rf6 Nd7 33. R6f3 f6 34. Qf2
Rf7 35. g4 Qh7 36. g5 Raf8 37. Ng4 fxg5 38. Rxf7 Rxf7 39. Nh6+ 1-0

[Event "M.Chigorin Memorial 2014"]
[Site "St. Petersburg"]
[Date "2014.10.25"]
[Round "8.110"]
[White "Androsov, Sergey"]
[Black "Ofitserian, Boris"]
[Result "1/2-1/2"]
[WhiteElo "2059"]
[BlackElo "2282"]
[PlyCount "115"]
[EventDate "2014.10.18"]
[EventType "swiss"]
[EventCountry "RUS"]

1. e4 e5 2. Nf3 Nc6 3. Bb5 a6 4. Ba4 Nf6 5. O-O Be7 6. Re1 b5 7. Bb3 d6 8. c3
O-O 9. h3 Bb7 10. d3 Na5 11. Bc2 c5 12. Nbd2 Re8 13. Nf1 g6 14. Ng3 Nc6 15. Bg5
Nd7 16. Bxe7 Qxe7 17. Qd2 Nd8 18. Rad1 Ne6 19. d4 Rad8 20. dxe5 Nxe5 21. Nh2
Qh4 22. Qe3 Qf4 23. Qxf4 Nxf4 24. Ne2 Nxe2+ 25. Rxe2 d5 26. b3 dxe4 27. Rxd8
Rxd8 28. Bxe4 Rd1+ 29. Nf1 Bxe4 30. Rxe4 Nd3 31. g3 Ra1 32. Re2 Kg7 33. Kg2 Nc1
34. Rc2 Nxa2 35. Nd2 Nc1 36. Kf3 Nd3 37. Ke2 Ne5 38. Ne4 c4 39. bxc4 Nxc4 40.
Nd2 Ra4 41. Nb3 Kf6 42. Kd3 Ne5+ 43. Ke3 Ra3 44. Nc5 Nc6 45. Ke4 b4 46. Kd5
Ne7+ 47. Kc4 bxc3 48. Ne4+ Ke5 49. Nxc3 f5 50. Rc1 Ra5 51. f4+ Kd6 52. Rd1+ Kc7
53. Re1 Nc6 54. Rd1 Ne7 55. Kb4 Nc6+ 56. Kc4 Ne7 57. Kb4 Nc6+ 58. Kc4 1/2-1/2

[Event "M.Chigorin Memorial 2014"]
[Site "St. Petersburg"]
[Date "2014.10.25"]
[Round "8.111"]
[White "Pronin, Vladimir"]
[Black "Turikov, Viktor"]
[Result "1-0"]
[WhiteElo "2053"]
[BlackElo "2269"]
[PlyCount "87"]
[EventDate "2014.10.18"]
[EventType "swiss"]
[EventCountry "RUS"]

1. e4 b6 2. Nf3 Bb7 3. Nc3 e6 4. d4 Bb4 5. Bd3 Nf6 6. Qe2 d5 7. Bg5 h6 8. Bxf6
Qxf6 9. e5 Bxc3+ 10. bxc3 Qe7 11. O-O O-O 12. a4 Nc6 13. h3 Na5 14. Nd2 c5 15.
Qe3 Rac8 16. f4 cxd4 17. cxd4 f5 18. exf6 Qxf6 19. Rae1 Nc6 20. c3 Rce8 21. g3
Bc8 22. Nf3 Bd7 23. Bc2 Rc8 24. Qd3 Qf5 25. Qxf5 exf5 26. Re3 Rfe8 27. Rfe1
Rxe3 28. Rxe3 Kf7 29. Kf2 Kf6 30. Ne5 Nxe5 31. dxe5+ Ke6 32. Bb3 Rc5 33. g4 g6
34. gxf5+ gxf5 35. Rg3 Kf7 36. Ke2 Be6 37. Kd3 Ra5 38. h4 b5 39. axb5 Rxb5 40.
Bd1 Rb6 41. Bh5+ Kf8 42. Rg6 a5 43. Rf6+ Ke7 44. Bf7 1-0

[Event "M.Chigorin Memorial 2014"]
[Site "St. Petersburg"]
[Date "2014.10.25"]
[Round "8.112"]
[White "Pershin, Denis"]
[Black "Opanasenko, Mikhail"]
[Result "1-0"]
[WhiteElo "2263"]
[BlackElo "2048"]
[PlyCount "183"]
[EventDate "2014.10.18"]
[EventType "swiss"]
[EventCountry "RUS"]

1. e4 e6 2. d4 d5 3. Nc3 Nf6 4. Bg5 Be7 5. e5 Nfd7 6. h4 O-O 7. Bd3 c5 8. Nf3
Re8 9. Bxe7 Rxe7 10. Nb5 f5 11. c3 Nc6 12. g4 Nf8 13. Rg1 cxd4 14. cxd4 Nb4 15.
a3 Nxd3+ 16. Qxd3 Qa5+ 17. b4 Qa6 18. Kd2 Qb6 19. Nd6 a5 20. b5 a4 21. Rac1 Bd7
22. Rc5 fxg4 23. Rxg4 Be8 24. Qc3 Qd8 25. Qb4 Bh5 26. Rg3 Ng6 27. Ng5 Qf8 28.
Nh3 Nxh4 29. Rgc3 Rd7 30. Rc8 Rd8 31. Rxd8 Qxd8 32. Nxb7 Qb6 33. Nc5 Be8 34.
Nf4 Qxb5 35. Qxb5 Bxb5 36. Rc1 Bc4 37. Rb1 Nf5 38. Kc3 Bb3 39. Nfxe6 Kf7 40.
Ng5+ Kg6 41. Rg1 h5 42. Nge6+ Kh6 43. Nf4 g5 44. Nfd3 g4 45. e6 Kg5 46. Ne5 Rc8
47. Kd3 Kf4 48. Rc1 Re8 49. Rh1 h4 50. Rg1 g3 51. fxg3+ Nxg3 52. Rg2 Ne4 53.
Ng6+ Kf3 54. Nxh4+ Kf4 55. Ng6+ Kf3 56. Nh4+ Kf4 57. Nxb3 axb3 58. e7 Nd6 59.
Rb2 Rb8 60. Ng6+ Kf5 61. Ne5 Ke6 62. Nc6 Rc8 63. Nb4 Kxe7 64. Nxd5+ Ke6 65. Nb4
Ra8 66. Rxb3 Nb5 67. Nc2 Nd6 68. Rb4 Ra5 69. a4 Rh5 70. Kc3 Rh3+ 71. Kb2 Kd5
72. Rb3 Nc4+ 73. Ka2 Rh2 74. Rc3 Ne3 75. Rxe3 Rxc2+ 76. Kb3 Rd2 77. Re8 Rd3+
78. Kb4 Rxd4+ 79. Kb5 Rh4 80. Rd8+ Ke6 81. a5 Rh1 82. a6 Rb1+ 83. Kc6 Rc1+ 84.
Kb7 Rb1+ 85. Ka8 Ke7 86. Rb8 Ra1 87. a7 Kd6 88. Kb7 Rb1+ 89. Kc8 Rc1+ 90. Kd8
Rg1 91. Ke8 Kc7 92. Rc8+ 1-0

[Event "M.Chigorin Memorial 2014"]
[Site "St. Petersburg"]
[Date "2014.10.25"]
[Round "8.113"]
[White "Zhdanov, Petr"]
[Black "Monin, Nikolay"]
[Result "1-0"]
[WhiteElo "2040"]
[BlackElo "2209"]
[PlyCount "55"]
[EventDate "2014.10.18"]
[EventType "swiss"]
[EventCountry "RUS"]

1. e4 e6 2. d4 d5 3. Nc3 Nf6 4. e5 Nfd7 5. f4 c5 6. Nf3 Nc6 7. Be3 Be7 8. Be2
O-O 9. O-O f6 10. dxc5 fxe5 11. fxe5 Ndxe5 12. Nxe5 Nxe5 13. Rxf8+ Bxf8 14. b4
b6 15. Na4 Bd7 16. c3 Bxa4 17. Qxa4 bxc5 18. bxc5 Qc7 19. Qa6 Qc8 20. Kh1 Kh8
21. Rf1 Be7 22. Bd4 Bf6 23. h3 h6 24. c6 Qxc6 25. Qxc6 Nxc6 26. Bxf6 gxf6 27.
Rxf6 Re8 28. Bb5 1-0

[Event "M.Chigorin Memorial 2014"]
[Site "St. Petersburg"]
[Date "2014.10.25"]
[Round "8.114"]
[White "Bebchuk, Boris"]
[Black "Shuster, Andrei"]
[Result "1/2-1/2"]
[WhiteElo "2204"]
[BlackElo "2038"]
[PlyCount "95"]
[EventDate "2014.10.18"]
[EventType "swiss"]
[EventCountry "RUS"]

1. d4 Nf6 2. e3 g6 3. Nf3 Bg7 4. Be2 O-O 5. O-O d6 6. b3 c5 7. Bb2 b6 8. c4 Bb7
9. Nc3 Ne4 10. Nxe4 Bxe4 11. Nd2 Bb7 12. Bf3 Bxf3 13. Nxf3 Nd7 14. Qc2 Qc7 15.
Rad1 Rac8 16. Rd2 a6 17. Rc1 Qb7 18. h3 cxd4 19. Bxd4 b5 20. Bxg7 Kxg7 21. Qb2+
Kg8 22. cxb5 axb5 23. Rdc2 Nc5 24. Qd4 Ra8 25. b4 Ne6 26. Qd3 Ra4 27. a3 Rfa8
28. Rc3 Qa6 29. R1c2 Qb7 30. Nd4 Nxd4 31. Qxd4 Qd7 32. Qd5 R4a7 33. Rc6 Rb8 34.
R2c3 Qb7 35. e4 Qa8 36. Rf3 Rf8 37. Qxb5 Rxa3 38. Rxa3 Qxa3 39. Rc7 Qa1+ 40.
Kh2 Qf6 41. Qe2 Qe5+ 42. g3 d5 43. Rc5 Qxe4 44. Qxe4 dxe4 45. Re5 f5 46. Rxe7
Rb8 47. g4 Rxb4 48. gxf5 1/2-1/2

[Event "M.Chigorin Memorial 2014"]
[Site "St. Petersburg"]
[Date "2014.10.25"]
[Round "8.115"]
[White "Shkurkin, Nikolai"]
[Black "Trapeznikova, Darya"]
[Result "1/2-1/2"]
[WhiteElo "2204"]
[BlackElo "2036"]
[PlyCount "87"]
[EventDate "2014.10.18"]
[EventType "swiss"]
[EventCountry "RUS"]

1. e4 e6 2. d3 d5 3. Nd2 c5 4. g3 Nc6 5. Bg2 Nf6 6. Ngf3 g6 7. O-O Bg7 8. exd5
Nxd5 9. Ne4 b6 10. Bg5 f6 11. Bd2 O-O 12. Nc3 Bb7 13. Re1 Nxc3 14. Bxc3 e5 15.
a4 a6 16. Nd2 Qc7 17. Nc4 b5 18. Ne3 Ne7 19. Qe2 Bxg2 20. Nxg2 Rae8 21. axb5
axb5 22. f4 Nc6 23. Qe4 Qd7 24. fxe5 Nxe5 25. Bxe5 Rxe5 26. Qf4 Rxe1+ 27. Rxe1
f5 28. b3 Bd4+ 29. Kf1 Re8 30. Rxe8+ Qxe8 31. Qf3 b4 32. Nf4 Qe3 33. Qxe3 Bxe3
34. Ke2 Bxf4 35. gxf4 h6 36. h4 Kf7 37. d4 cxd4 38. Kd3 g5 39. hxg5 hxg5 40.
fxg5 Kg6 41. Kxd4 Kxg5 42. c4 bxc3 43. Kxc3 f4 44. Kd2 1/2-1/2

[Event "M.Chigorin Memorial 2014"]
[Site "St. Petersburg"]
[Date "2014.10.25"]
[Round "8.116"]
[White "Baraeva, Irina"]
[Black "Sheynin, Izrail"]
[Result "1-0"]
[WhiteElo "2197"]
[BlackElo "2030"]
[PlyCount "47"]
[EventDate "2014.10.18"]
[EventType "swiss"]
[EventCountry "RUS"]

1. d4 Nf6 2. c4 c5 3. d5 e6 4. Nc3 exd5 5. cxd5 d6 6. Nf3 g6 7. Bf4 a6 8. a4
Bg7 9. h3 O-O 10. e3 Nh5 11. Bh2 f5 12. Be2 f4 13. O-O fxe3 14. fxe3 Qe7 15.
Qd3 Nd7 16. Ne4 Re8 17. Nfg5 Ne5 18. Bxe5 Qxe5 19. Bxh5 Bf5 20. Bf3 h6 21. Ne6
Bxe6 22. dxe6 Rxe6 23. Rad1 Rae8 24. Nd2 1-0

[Event "M.Chigorin Memorial 2014"]
[Site "St. Petersburg"]
[Date "2014.10.25"]
[Round "8.117"]
[White "Abdusattorov, Nodirbek"]
[Black "Stepanov, Andrey"]
[Result "1-0"]
[WhiteElo "2179"]
[BlackElo "2012"]
[PlyCount "89"]
[EventDate "2014.10.18"]
[EventType "swiss"]
[EventCountry "RUS"]

1. c4 Nf6 2. Nc3 g6 3. g3 Bg7 4. Bg2 O-O 5. e4 d6 6. Nge2 e5 7. O-O Be6 8. b3
Nc6 9. d3 Nd4 10. Nxd4 exd4 11. Ne2 c5 12. h3 Qc8 13. Kh2 Rb8 14. a4 b6 15. f4
h5 16. Ba3 a6 17. b4 b5 18. cxb5 axb5 19. Rc1 bxa4 20. f5 Bb3 21. Qd2 Nd7 22.
bxc5 dxc5 23. f6 Nxf6 24. Bxc5 Re8 25. Bxd4 Qd8 26. Qc3 Re6 27. Qa1 Ne8 28.
Bxg7 Nxg7 29. Nd4 Rd6 30. Nc6 Rxc6 31. Rxc6 Qxd3 32. Rfc1 Qd7 33. Rc7 Qe6 34.
R1c6 Qe8 35. Rxg6 Qf8 36. Ra6 Ne6 37. Rca7 Nc5 38. Ra5 Rd8 39. Qf6 Ne6 40. e5
Qg7 41. Ra8 Qxf6 42. exf6 Rxa8 43. Bxa8 Kh7 44. Be4+ Kh6 45. h4 1-0

[Event "M.Chigorin Memorial 2014"]
[Site "St. Petersburg"]
[Date "2014.10.25"]
[Round "8.118"]
[White "Gutkind, Kedem"]
[Black "Radkov, Bazhen D"]
[Result "1/2-1/2"]
[WhiteElo "1993"]
[BlackElo "2160"]
[PlyCount "32"]
[EventDate "2014.10.18"]
[EventType "swiss"]
[EventCountry "RUS"]

1. e4 e5 2. Nf3 Nc6 3. Bb5 a6 4. Ba4 Nf6 5. O-O Be7 6. Re1 b5 7. Bb3 d6 8. c3
O-O 9. h3 Bb7 10. d4 Re8 11. Ng5 Rf8 12. Nf3 Re8 13. Ng5 Rf8 14. Nf3 Re8 15.
Ng5 Rf8 16. Nf3 Re8 1/2-1/2

[Event "M.Chigorin Memorial 2014"]
[Site "St. Petersburg"]
[Date "2014.10.25"]
[Round "8.119"]
[White "Tukubayev, K."]
[Black "Gorin, Alexandr"]
[Result "1-0"]
[WhiteElo "2160"]
[BlackElo "2000"]
[PlyCount "69"]
[EventDate "2014.10.18"]
[EventType "swiss"]
[EventCountry "RUS"]

1. e4 g6 2. d4 Bg7 3. Nc3 d6 4. g3 Nc6 5. Be3 e5 6. Nge2 Bg4 7. Qd2 Bf3 8. Rg1
Nf6 9. d5 Ne7 10. Bg2 Bxg2 11. Rxg2 Ng4 12. O-O-O Nxe3 13. Qxe3 O-O 14. g4 c6
15. Kb1 c5 16. h4 h6 17. f4 exf4 18. Qxf4 Kh7 19. Rh1 Ng8 20. Ng3 Be5 21. Qe3
b5 22. Nd1 c4 23. Qf3 Qf6 24. Qe2 Bxg3 25. Rxg3 Qe5 26. Re3 Rae8 27. h5 Qg7 28.
g5 Re5 29. Rg3 Rxg5 30. Rxg5 hxg5 31. hxg6+ Kxg6 32. Ne3 f5 33. Qh5+ Kf6 34.
Nxf5 Qg6 35. Qh8+ 1-0

[Event "M.Chigorin Memorial 2014"]
[Site "St. Petersburg"]
[Date "2014.10.25"]
[Round "8.120"]
[White "Puzko, Danila"]
[Black "Smiyan, Vladimir"]
[Result "1/2-1/2"]
[WhiteElo "2154"]
[BlackElo "1994"]
[PlyCount "125"]
[EventDate "2014.10.18"]
[EventType "swiss"]
[EventCountry "RUS"]

1. d4 d5 2. c4 c6 3. Nc3 Nf6 4. e3 a6 5. Nf3 b5 6. b3 Bg4 7. Be2 Nbd7 8. Bb2 e6
9. h3 Bh5 10. O-O Be7 11. Ne5 Bxe2 12. Nxe2 Rc8 13. Nf4 O-O 14. Nfd3 Bd6 15. c5
Be7 16. a4 Nxe5 17. Nxe5 Nd7 18. Nd3 Qc7 19. Qd2 Qb7 20. axb5 axb5 21. Ra5 Bd8
22. Ra2 Bc7 23. Rfa1 Ra8 24. Bc3 f6 25. Qb2 Rfe8 26. Ra3 e5 27. Qa2 Rxa3 28.
Qxa3 Nb8 29. Qa8 Qxa8 30. Rxa8 e4 31. Nb4 Kf8 32. Nc2 Rc8 33. Ba5 Bxa5 34. Rxa5
Rc7 35. Ra8 Rb7 36. Nb4 Ke7 37. g4 f5 38. gxf5 Kf6 39. f3 Kxf5 40. Kf2 g5 41.
fxe4+ Kxe4 42. Ke2 h5 43. Nd3 g4 44. hxg4 hxg4 45. Ra1 Rh7 46. Nf2+ Kf5 47. e4+
Kf4 48. Ra8 g3 49. Rxb8 gxf2 50. exd5 cxd5 51. Kxf2 Ke4 52. Rxb5 Kxd4 53. b4
Rh2+ 54. Kf3 Rh3+ 55. Kf4 Rc3 56. Rb6 Rc4 57. c6 Kc3+ 58. Ke5 d4 59. b5 d3 60.
Rb7 d2 61. Rd7 Rc5+ 62. Ke6 Rxb5 63. Rxd2 1/2-1/2